000 00496nam a2200181Ia 4500
005 20250508150423.0
008 008 250505s9999 xx 000 0 eng d
037 _aTextual
040 _aFEDL
_beng
_cFEDL
041 _aeng
_2eng
084 _a901, REE
_qFEDL
100 _aReeve J R
_9755605
245 0 _aHistory through familiar things
260 _aLondon, UK
_bUniversity of London Press
_c1947
300 _a270p.
942 _cTEXL
_h901, REE
999 _c1323545
_d1323545